UBT Library

ENCYCLOPEDIA OF SOCIOLOGY (Record no. 20263)

000 -LEADER
fixed length control field 00295nam a22001337a 4500
008 - FIXED-LENGTH DATA ELEMENTS--GENERAL INFORMATION
fixed length control field 170712b xxu||||| |||| 00| 0 eng d
020 ## - INTERNATIONAL STANDARD BOOK NUMBER
International Standard Book Number 0028648556
041 ## - LANGUAGE CODE
Language code of text/sound track or separate title eng
080 ## - UNIVERSAL DECIMAL CLASSIFICATION NUMBER
Universal Decimal Classification number 05
100 ## - Rafti
Rafti 26
101 ## - Shkurtesa
Shkurtesa ENC
245 ## - TITLE STATEMENT
Title ENCYCLOPEDIA OF SOCIOLOGY
Statement of responsibility, etc BORGATTA.E.F
942 ## - ADDED ENTRY ELEMENTS (KOHA)
Source of classification or shelving scheme
Item type Books
Holdings
Withdrawn status Lost status Source of classification or shelving scheme Damaged status Not for loan Collection code Permanent location Current location Shelving location Date acquired Total Checkouts Full call number Barcode Date last seen Price effective from Koha item type
          Koleksioni i përgjithshem UBT - Lipjan UBT - Lipjan Koleksioni i përgjithshem 07/12/2017   R 05 BOR 002-2912072 07/12/2017 07/12/2017 Reference
          Koleksioni i përgjithshem UBT - Lipjan UBT - Lipjan Koleksioni i përgjithshem 07/12/2017   R 05 BOR 002-2912077 07/12/2017 07/12/2017 Reference
          Koleksioni i përgjithshem UBT - Lipjan UBT - Lipjan Koleksioni i përgjithshem 07/12/2017   R 05 BOR 002-2912082 07/12/2017 07/12/2017 Reference
          Koleksioni i përgjithshem UBT - Lipjan UBT - Lipjan Koleksioni i përgjithshem 07/12/2017   R 05 BOR 002-2912087 12/07/2017 07/12/2017 Reference
          Koleksioni i përgjithshem UBT - Lipjan UBT - Lipjan Koleksioni i përgjithshem 07/12/2017   R 05 BOR 002-2912097 07/12/2017 07/12/2017 Reference
UBT Library © 2015-2024. All rights reserved University Education for Business and Technology